Gastroenterological nursing (Record no. 30771)

MARC details
000 -LEADER
fixed length control field 00293nam a2200121Ia 4500
082 ## - DEWEY DECIMAL CLASSIFICATION NUMBER
Classification number 616.3
Item number GRI
100 ## - MAIN ENTRY--AUTHOR NAME
Personal name Helen E
245 #0 - TITLE STATEMENT
Title Gastroenterological nursing
260 ## - PUBLICATION, DISTRIBUTION, ETC. (IMPRINT)
Place of publication London
Name of publisher Cassell
Year of publication 1977
650 ## - SUBJECT ADDED ENTRY--TOPICAL TERM
Topical Term Gastroenterology
942 ## - ADDED ENTRY ELEMENTS (KOHA)
Koha item type Books
Holdings
Withdrawn status Lost status Damaged status Not for loan Home library Current library Date acquired Cost, normal purchase price Full call number Accession Number Koha item type
        RRII Library RRII Library 16/12/2021 3.75 616.3 GRI 11330 Books